000 00609nam a2200193Ia 4500
003 GCL
008 140319s9999 xx 000 0 ara d
040 _aGCL /
_cGCL
082 0 4 _a907.2
_bش ع
100 1 _aشوقى الجمل
245 1 0 _aعلم التاريخ: نشاتة وتطوره ووضعة بين العلوم الاخرى ومناهج البحث فيه /
_cشوقى الجمل
260 _a[S.N] :
_bمكتبة الانجلوالمصرية ،
_c1982
300 _a207 ص
490 _a
650 0 4 _aفلسفة
650 0 4 _aالتاريخ
650 0 4 _aالتأريخ
942 _2ddc
_cBK
999 _c32669
_d32669